Aboriginal youth and the juvenile justice system in Western Australia
| Corporate Author: | |
|---|---|
| Format: | Print Book |
| Language: | English |
| Published: |
[Nedlands]
Crime Research Centre, the University of Western Australia for the Aboriginal Affairs Department
1995
|
| In: |
Royal Commission into Aborigianal Deaths in Custody (3)
Year: 1995 |
| Availability in Tübingen: | Present in Tübingen. UB: KB 8 E 7579 |
| Check availability: | HBZ Gateway |
| Subito Delivery Service: | Order now. |
MARC
| LEADER | 00000cam a2200000 c 4500 | ||
|---|---|---|---|
| 001 | 1144954452 | ||
| 003 | DE-627 | ||
| 005 | 20251225180946.0 | ||
| 007 | tu | ||
| 008 | 990317s1995 xx ||||| 00| ||eng c | ||
| 010 | |a 97155235 | ||
| 020 | |a 0730969770 |9 0-7309-6977-0 | ||
| 035 | |a (DE-627)1144954452 | ||
| 035 | |a (DE-576)074954458 | ||
| 035 | |a (DE-599)BSZ074954458 | ||
| 035 | |a (OCoLC)38056053 | ||
| 040 | |a DE-627 |b ger |c DE-627 |e rakwb | ||
| 041 | |a eng | ||
| 082 | 0 | |a 364.3609941 | |
| 082 | 0 | |a 364.36/09941 | |
| 245 | 0 | 0 | |a Aboriginal youth and the juvenile justice system in Western Australia |c by Crime Research Centre, the University of Western Australia for the Aboriginal Affairs Department |
| 264 | 1 | |a [Nedlands] |b Crime Research Centre, the University of Western Australia for the Aboriginal Affairs Department |c 1995 | |
| 300 | |a 93 S. | ||
| 336 | |a Text |b txt |2 rdacontent | ||
| 337 | |a ohne Hilfsmittel zu benutzen |b n |2 rdamedia | ||
| 338 | |a Band |b nc |2 rdacarrier | ||
| 490 | 1 | |a Royal Commission into Aborigianal Deaths in Custody |v 3 | |
| 583 | 1 | |a Archivierung prüfen |c 20200919 |f DE-640 |z 1 |2 pdager | |
| 710 | 2 | |a University of Western Australia |b Crime Research Centre |0 (DE-588)5049407-7 |0 (DE-627)709458533 |0 (DE-576)193695944 |4 oth | |
| 810 | 2 | |a Australien |b Commission into Aboriginal Deaths in Custody |t Royal Commission into Aborigianal Deaths in Custody |v 3 |9 3 |w (DE-627)1144954282 |w (DE-576)074954288 |x 1325-5088 |7 am | |
| 951 | |a BO | ||
| ELC | |b 1 | ||
| LOK | |0 000 xxxxxcx a22 zn 4500 | ||
| LOK | |0 001 2352150078 | ||
| LOK | |0 003 DE-627 | ||
| LOK | |0 004 1144954452 | ||
| LOK | |0 005 20000812000000 | ||
| LOK | |0 008 990317||||||||||||||||ger||||||| | ||
| LOK | |0 040 |a DE-21 |c DE-627 |d DE-21 | ||
| LOK | |0 852 |a DE-21 | ||
| LOK | |0 852 1 |c KB 8 E 7579 |9 00 | ||
| LOK | |0 935 |a krim | ||
| LOK | |0 936ln |a k4.2.4 | ||
| LOK | |0 939 |a 17-03-99 |b l01 | ||
| ORI | |a SA-MARC-krimdoka001.raw | ||
| SIG | |a UB: KB 8 E 7579 | ||
